| 000 | 00523nam a2200169 i 4500 | ||
|---|---|---|---|
| 001 | 69831 | ||
| 003 | ES-MaACL | ||
| 005 | 20230906170631.0 | ||
| 007 | t| | ||
| 008 | 040712s1971 sp ||||1| spa d | ||
| 100 | 1 |
_aGarcía de la Huerta, Vicente. _954447 |
|
| 245 | 1 | 0 |
_aRaquel / _cVicente García de la Huerta ; edición, introducción y notas de René Andioc. |
| 260 |
_aMadrid : _bCastalia, _c[1971] |
||
| 300 |
_a169 p., 1 lám. ; _c18 cm. |
||
| 700 | 1 |
_aAndioc, René. _921492 |
|
| 852 |
_aES-MaACL _jC-45337 _bR.77631 |
||
| 999 |
_c69831 _d69831 |
||